000 00269nam a2200109 a 4500
005 20200930073703.0
008 111004s2001 000 spa d
020 _a9993537063
245 3 _aLa constitución de 1801.
260 _aSanto Domingo,
_c2001.
999 _c33904
_d33904
040 _aDO-SdBNP